| 000 -ლიდერი |
| ფიქსირებული სიგრძის საკონტროლო ველი |
01892nam a2200229 4500 |
| 003 - საკონტროლო ნომრის იდენტიფიკატორი |
| საკონტროლო ველი |
Ge_BSU |
| 005 - ბოლო ოპერაციის თარიღი და დრო |
| საკონტროლო ველი |
20260130150229.0 |
| 008 - ფიქსირებული სიგრძის მონაცემთა ელემენტები - ზოგადი ინფორმაცია |
| ფიქსირებული სიგრძის საკონტროლო ველი |
260130s1978 ge ||||| |||| 00| 0 geo d |
| 041 ## - ენის კოდი |
| Language code of text/sound track or separate title |
geo |
| 080 ## - უნივერსალური ათობითი კლასიფიკაციის ინდექსი |
| Universal Decimal Classification number |
338(479.22) :330.56 მ-54 |
| 100 ## - მთავარი ჩანაწერი - პიროვნების სახელი |
| Personal name |
მელქაძე, ვ. |
| 9 (RLIN) |
26708 |
| 245 ## - ცნობა სათაურის შესახებ |
| Title |
საქართველოს სსრ საზოგადოებრივი პროდუქტისა და ეროვნული შემოსავლის რეგიონალური სტრუქტურა = Региональная структура общественного продукта и национального дохода Грузинской ССР / |
| Statement of responsibility, etc |
ვ. მელქაძე; საქ. სსრ სახელმწ. საგეგმო კომიტეტთან არსებ. სახ. მეურნ. ეკონ. და დაგეგმვის სამეცნ.-კვლევ. ინ-ტი (სმედსი). |
| 264 ## - წარმოების, გამოცემის, დისტრიბუციის და სხვა ცნობები |
| გამოცემის, წარმოების, დისტრიბუციის... ადგილი |
თბ. : |
| გამოცემის, წარმოების, დისტრიბუციის... სახელწოდება |
საბჭ. საქართველო, |
| გამოცემის, წარმოების, დისტრიბუციის... თარიღი |
1978. |
| 300 ## - ფიზიკური აღწერა |
| Extent |
301 გვ. : |
| Other physical details |
ილ. ; |
| Dimensions |
21 სმ. |
| 500 ## - ზოგადი შენიშვნა |
| General note |
პარალ. ტექსტი რუს. |
| 501 ## - შენიშვნა თანმხლებ მასალაზე |
| With note |
ლიტ. სია: გვ. 142-144 (51 დასახ.). |
| 653 ## - INDEX TERM--UNCONTROLLED |
| Uncontrolled term |
საქართველოს საზოგადოებრივი პროდუქტი. |
| 653 ## - INDEX TERM--UNCONTROLLED |
| Uncontrolled term |
საქართველოს ეკონომიკა |
| 653 ## - INDEX TERM--UNCONTROLLED |
| Uncontrolled term |
საქართველოს ეროვნული შემოსავალი. |
| 710 ## - ADDED ENTRY--CORPORATE NAME |
| Corporate name or jurisdiction name as entry element |
საქ. სსრ სახელმწ. საგეგმო კომიტეტთან არსებ. სახ. მეურნ. ეკონ. და დაგეგმვის სამეცნ.-კვლევ. ინ-ტი (სმედსი). |
| 9 (RLIN) |
26770 |
| 942 ## - ADDED ENTRY ELEMENTS (KOHA) |
| Source of classification or shelving scheme |
|
| Koha item type |
წიგნი |